| 000 | 00800nam a22001937a 4500 | ||
|---|---|---|---|
| 005 | 20250109141645.0 | ||
| 010 | _aHIN-129112 | ||
| 020 |
_a97881877700704 _c450.00 |
||
| 035 | _aHN-101458 | ||
| 037 | _bDBAD | ||
| 082 | _a363.7007 | ||
| 100 |
_aपाण्डेय, रविशंकर _976234 |
||
| 245 |
_aहम और हमारा पर्यावरण/ _cरविशंकर पाण्डेय |
||
| 250 | _aतृतीय | ||
| 260 |
_aइलाहाबाद _bअनामिका प्रकाशन _c2009 |
||
| 270 |
_a52, तुलारामबाग , इलाहाबाद _bउत्तरप्रदेश _e211006 |
||
| 300 |
_a248पृ. _c22 सेमी (सजिल्द) |
||
| 942 |
_2ddc _cHN _h363.7007 _mपाण्डेय |
||
| 999 |
_c208016 _d208016 |
||